000 00601cam a22002171 4500
001 ca 36001633
003 DLC
005 20260227111144.0
008 800305s1934 nyua 000 0 eng
010 _aca 36001633
035 _a(OCoLC)6054562
040 _aDLC
_cOCl
_dDLC
042 _apremarc
050 0 0 _aPS3539.A245
_bS6 1934
082 _a812.5
100 1 _aTaggart, Tom.
245 1 0 _aSnow bound,
_ba comedy of action in three acts,
_cby Tom Taggart.
260 _aNew York,
_bFitzgerald publishing corporation
_c[c1934]
300 _a89 p.
_bdiagr.
_c19 cm.
490 0 _aPlayhouse plays
999 _c18338
_d18338